|
|
|
|
| LEADER |
01702nam a2200409 a 4500 |
| 001 |
000315199 |
| 003 |
CZ BrMZK |
| 005 |
20210820122641.0 |
| 007 |
ta |
| 008 |
980115s1998 xr e p cze d |
| 015 |
|
|
|a cnb000365107
|
| 020 |
|
|
|a 80-86039-49-8
|
| 035 |
|
|
|a (OCoLC)40088179
|
| 040 |
|
|
|a BOA001
|b cze
|
| 072 |
|
7 |
|a 37.09
|x Organizace výuky a vzdělávání
|2 Konspekt
|9 22
|
| 072 |
|
7 |
|a 37.016
|x Učební osnovy. Vyučovací předměty. Učebnice
|2 Konspekt
|9 22
|
| 080 |
|
|
|a 37.091:005.25
|2 MRF
|
| 080 |
|
|
|a (075.8)
|2 MRF
|
| 100 |
1 |
|
|a Bacík, František,
|d 1926-
|7 jk01010516
|4 aut
|
| 245 |
1 |
0 |
|a Kapitoly ze školského managementu /
|c František Bacík, Jaroslav Kalous, Jiří Svoboda a kol.
|
| 260 |
|
|
|a Praha :
|b Pedagogická fakulta UK,
|c 1998
|
| 300 |
|
|
|a 377 s. ;
|c 21 cm
|
| 500 |
|
|
|a Určeno pro posl. fak. pedag.
|
| 504 |
|
|
|a Obsahuje bibliografie
|
| 504 |
|
|
|a Obsahuje bibliografie
|
| 650 |
0 |
7 |
|a školy
|7 ph116830
|x řízení
|2 czenas
|
| 650 |
0 |
7 |
|a management školy
|7 ph118550
|2 czenas
|
| 655 |
|
7 |
|a učebnice vysokých škol
|7 fd133772
|2 czenas
|
| 700 |
1 |
|
|a Kalous, Jaroslav,
|d 1949-2015
|7 jk01052723
|4 aut
|
| 700 |
1 |
|
|a Svoboda, Jiří,
|d 1934-
|7 skuk0005476
|4 aut
|
| 710 |
2 |
|
|a Univerzita Karlova.
|b Pedagogická fakulta (Praha, Česko)
|7 kn20010710353
|
| 910 |
|
|
|a BOA001
|b 2-1045.141
|b PK-0129.678
|
| 990 |
|
|
|a BK
|
| 991 |
|
|
|f 371 KAP
|
| 996 |
6 |
|
|b 2610070829
|c 2-1045.141
|l MZK
|r Sklad / do 1 hodiny
|n 36
|p p.v.
|w 000315199
|u 000010
|a 1
|e BOA001
|j MZK50
|s P
|
| 996 |
7 |
|
|b 3119011931
|c PK-0129.678
|l MZK
|r Sklad / do 1 hodiny
|n 57
|p kup
|w 000315199
|u 000020
|a 1
|e BOA001
|j MZK50
|s A
|
| 996 |
7 |
|
|b 3119011932
|c PK-0129.678
|l MZK
|r Sklad / do 1 hodiny
|n 82
|p kup
|w 000315199
|u 000030
|a 1
|e BOA001
|j MZK50
|s A
|